[Event "Pardubice op-A"]
[Site "Pardubice"]
[Date "2005.07.24"]
[Round "3"]
[White "Grigorova, Irina"]
[Black "Simek, Petr1111"]
[Result "1-0"]
[WhiteElo "2145"]
[BlackElo "2240"]
[PlyCount "135"]
[EventDate "2005.07.22"]
[EventType "swiss"]
[EventRounds "9"]
[EventCountry "CZE"]
[SourceTitle "CBM 107 Extra"]
[Source "ChessBase"]
[SourceDate "2005.09.01"]
[SourceVersion "1"]
[SourceVersionDate "2005.09.01"]
[SourceQuality "1"]

1. e4 c5 2. Nf3 d6 3. d4 cxd4 4. Nxd4 Nf6 5. Nc3 a6 6. Bd3 Nc6 7. Nf3 e6 8. 0-0 Be7 9. h3 Qc7 10. Re1 0-0 11. Be3 b5 12. a3 Bb7 13. Qe2 Rac8 14. Bf4 Nd7 15. Rad1 Nde5 16. Nxe5 dxe5 17. Be3 Rfd8 18. Qg4 Bf6 19. h4 Nd4 20. h5 Qe7 21. Kh2 b4 22. axb4 Qxb4 23. Rb1 a5 24. Qd1 a4 25. g4 h6 26. Rg1 Bg5 27. Kh3 Rd6 28. Kg2 Rcd8 29. Qc1 Nb3 30. Qe1 Nc5 31. Bxc5 Qxc5 32. Nxa4 Qd4 33. Nc3 Rb6 34. Qe2 f5 35. Kh3 fxe4 36. Bc4 e3 37. Rgd1 Qf4 38. Rxd8+ Bxd8 39. fxe3 Qf6 40. e4 Rd6 41. Bd3 Qh4+ 42. Kg2 Bb6 43. Rd1 Rd8 44. Qf3 Kh8 45. Ne2 Bc5 46. Rh1 Qg5 47. Rf1 Rf8 48. Qg3 Rxf1 49. Kxf1 Be3 50. Kg2 Kh7 51. Kh3 g6 52. hxg6+ Kxg6 53. Qh4 Bd4 54. Qxg5+ Kxg5 55. c3 Be3 56. Kg3 Kf6 57. Kf3 Bg5 58. Ng3 Ke7 59. Ke2 Kd6 60. Bb1 Kc5 61. Kd3 Ba6+ 62. Kc2 Bh4 63. Nh5 Be2 64. Ng7 Bxg4 65. Ba2 Kd6 66. Bc4 Ke7 67. Bb5 Bf2 68. Kd2 1-0

[Event "Chrudim op"]
[Site "Chrudim"]
[Date "2001.??.??"]
[Round "?"]
[White "Hromadko, Martin"]
[Black "Grigorova, Irina"]
[Result "1-0"]
[WhiteElo "1865"]
[BlackElo "2140"]
[PlyCount "75"]
[EventDate "2001.??.??"]
[EventType "swiss"]
[EventRounds "9"]
[EventCountry "CZE"]
[SourceTitle "EXT 2003"]
[Source "ChessBase"]
[SourceDate "2002.11.25"]
[SourceVersion "1"]
[SourceVersionDate "2002.11.25"]
[SourceQuality "1"]

1. e4 c5 2. Nf3 d6 3. d4 cxd4 4. Nxd4 Nf6 5. Nc3 a6 6. Be2 e6 7. Be3 Nbd7 8. 0-0 b5 9. a3 Bb7 10. f3 Qc7 11. Qe1 d5 12. exd5 Nxd5 13. Nxd5 Bxd5 14. Bd3 Bd6 15. Qh4 Ne5 16. Rae1 Nxd3 17. cxd3 0-0 18. Kh1 Rac8 19. f4 Qb7 20. Rf2 b4 21. f5 e5 22. f6 Rfe8 23. Nf5 Bf8 24. fxg7 Be7 25. Qg4 Rc6 26. Nh6+ Rxh6 27. Bxh6 bxa3 28. bxa3 Bxa3 29. Qa4 Qc6 30. Qxa3 Qxh6 31. Rxe5 Rb8 32. Re1 Qb6 33. Rfe2 Be6 34. Qc3 a5 35. Qf6 a4 36. h3 a3 37. Rxe6 fxe6 38. Rf1 1-0